STEREOCHEMISTRY CONFORMATION AND MECHANISM (Record no. 9385)

MARC details
000 -LEADER
fixed length control field 00295nam a22001337a 4500
003 - CONTROL NUMBER IDENTIFIER
control field SGT
082 ## - DEWEY DECIMAL CLASSIFICATION NUMBER
Classification number 514.223
Item number KAL
100 ## - MAIN ENTRY--PERSONAL NAME
Personal name KALSI P S
245 ## - TITLE STATEMENT
Title STEREOCHEMISTRY CONFORMATION AND MECHANISM
250 ## - EDITION STATEMENT
Edition statement 8TH
260 ## - PUBLICATION, DISTRIBUTION, ETC. (IMPRINT)
Place of publication, distribution, etc NEW DELHI
Name of publisher, distributor, etc NEW AGE
Year of Publication 2015
300 ## - PAGE DESCRIPTION
No. of Pages 627
942 ## - ADDED ENTRY ELEMENTS (KOHA)
Source of classification or shelving scheme Dewey Decimal Classification
Koha item type Books
942 ## - ADDED ENTRY ELEMENTS (KOHA)
-- 2
Holdings
Withdrawn status Lost status Source of classification or shelving scheme Damaged status Not for loan Collection code Home library Current library Shelving location Date acquired Vendor Name Cost, normal purchase price SGTU Bill Number Total Checkouts Full call number Accession No. (Barcode) Date last seen Date last borrowed Bill Date Koha item type
    Dewey Decimal Classification     SCIENCE SGT Science & Social Sciences Library SGT Science & Social Sciences Library Text Book 01/07/2016 KIRTI PRAKASHAN 399.00 SGTU 2911 8 514.223,KAL PS861 07/11/2024 20/09/2024 15/09/2015 Books
    Dewey Decimal Classification   Not For Loan SCIENCE SGT Science & Social Sciences Library SGT Science & Social Sciences Library Reference Book 01/07/2016 KIRTI PRAKASHAN 399.00 SGTU 2911   514.223,KAL PS862 01/07/2016   15/09/2015 Books